All AC/DC Songs - Statistics

General Stats
  • This quiz has been taken 1,289 times
    1,255 since last reset
  • The average score is 49 of 185
Answer Stats
Album Song % Correct
T.N.T. T.N.T.
93%
Back in Black Back in Black
91%
Highway to Hell Highway to Hell
88%
The Razors Edge Thunderstruck
85%
T.N.T. High Voltage
84%
Dirty Deeds Done Dirt Cheap Dirty Deeds Done Dirt Cheap
81%
Back in Black Hells Bells
78%
Let There Be Rock Let There Be Rock
78%
For Those About to Rock We Salute You For Those About to Rock (We Salute You)
75%
Back in Black You Shook Me All Night Long
72%
Who Made Who Who Made Who
68%
Stiff Upper Lip Stiff Upper Lip
63%
Ballbreaker Ballbreaker
62%
Black Ice Black Ice
62%
Rock or Bust Rock or Bust
62%
Back in Black Shoot to Thrill
62%
T.N.T. It's a Long Way to the Top (If You Wanna Rock 'n' Roll)
61%
Fly on the Wall Fly on the Wall
58%
The Razors Edge The Razors Edge
56%
Let There Be Rock Whole Lotta Rosie
56%
Flick of the Switch Flick of the Switch
54%
Black Ice Rock 'n' Roll Train
52%
The Razors Edge Moneytalks
51%
Back in Black Rock and Roll Ain't Noise Pollution
48%
Dirty Deeds Done Dirt Cheap Big Balls
47%
T.N.T. The Jack
46%
Back in Black Givin the Dog a Bone
42%
Highway to Hell If You Want Blood (You've Got It)
42%
Dirty Deeds Done Dirt Cheap Jailbreak
42%
Back in Black Have a Drink on Me
40%
Highway to Hell Touch Too Much
40%
Highway to Hell Girls Got Rhythm
39%
POWER UP Shot in the Dark
39%
T.N.T. Can I Sit Next to You, Girl
37%
Highway to Hell Shot Down in Flames
37%
Highway to Hell Night Prowler
36%
Powerage Rock 'n' Roll Damnation
35%
Back in Black What Do You Do for Money Honey
35%
Let There Be Rock Dog Eat Dog
34%
Let There Be Rock Hell Ain't a Bad Place to Be
34%
Powerage Riff Raff
34%
Last Action Hero: Music from the Original Motion Picture Big Gun
33%
Blow Up Your Video Heatseeker
33%
Dirty Deeds Done Dirt Cheap Problem Child
33%
High Voltage She's Got Balls
33%
Powerage Sin City
33%
Dirty Deeds Done Dirt Cheap Ride On
32%
Highway to Hell Walk All Over You
32%
The Razors Edge Are You Ready
31%
Highway to Hell Beating Around the Bush
31%
For Those About to Rock We Salute You C.O.D.
31%
Ballbreaker Hard as a Rock
31%
T.N.T. Live Wire
31%
Dirty Deeds Done Dirt Cheap | T.N.T. Rocker
31%
T.N.T. Rock 'n' Roll Singer
31%
Fly on the Wall Sink the Pink
31%
Black Ice War Machine
31%
Back in Black Let Me Put My Love into You
30%
Back in Black Shake a Leg
30%
The Razors Edge Fire Your Guns
29%
The Razors Edge Mistress for Christmas
29%
Let There Be Rock Bad Boy Boogie
28%
Stiff Upper Lip Safe in New York City
28%
Ballbreaker Hail Caesar
27%
Rock or Bust Play Ball
27%
POWER UP Realize
26%
Black Ice Big Jack
25%
Powerage Down Payment Blues
25%
Highway to Hell Get It Hot
25%
Let There Be Rock Go Down
25%
High Voltage Little Lover
25%
POWER UP Demon Fire
24%
Flick of the Switch Guns for Hire
24%
Let There Be Rock Overdose
24%
Dirty Deeds Done Dirt Cheap Ain't No Fun (Waiting Around to Be a Millionaire)
23%
Powerage Gone Shootin'
23%
Highway to Hell Love Hungry Man
23%
Fly on the Wall Shake Your Foundations
23%
Dirty Deeds Done Dirt Cheap Squealer
23%
Powerage Kicked in the Teeth
22%
Blow Up Your Video That's the Way I Wanna Rock 'n' Roll
22%
Powerage What's Next to the Moon
22%
High Voltage Baby, Please Don't Go
21%
Flick of the Switch Bedlam in Belgium
21%
For Those About to Rock We Salute You Let's Get It Up
21%
High Voltage Soul Stripper
21%
POWER UP Witch's Spell
21%
For Those About to Rock We Salute You Evil Walks
20%
For Those About to Rock We Salute You Inject the Venom
20%
Flick of the Switch Nervous Shakedown
20%
POWER UP Through the Mists of Time
20%
POWER UP Code Red
19%
Ballbreaker Cover You in Oil
19%
For Those About to Rock We Salute You Night of the Long Knives
19%
Stiff Upper Lip Satellite Blues
19%
Fly on the Wall Danger
18%
Powerage Gimme a Bullet
18%
The Razors Edge Got You by the Balls
18%
High Voltage Show Business
18%
For Those About to Rock We Salute You Snowballed
18%
For Those About to Rock We Salute You Spellbound
18%
Black Ice Anything Goes
17%
Who Made Who D.T.
17%
POWER UP Kick You When You're Down
17%
High Voltage Love Song
17%
POWER UP Rejection
17%
T.N.T. School Days
17%
Black Ice Skies on Fire
17%
Powerage Cold Hearted Man
16%
Let There Be Rock Crabsody in Blue
16%
Dirty Deeds Done Dirt Cheap Love at First Feel
16%
Rock or Bust Rock the Blues Away
16%
Powerage Up to My Neck in You
16%
Ballbreaker Boogie Man
15%
Rock or Bust Dogs of War
15%
Fly on the Wall Hell or High Water
15%
Flick of the Switch Landslide
15%
POWER UP Money Shot
15%
Fly on the Wall Playing with Girls
15%
Flick of the Switch Rising Power
15%
Ballbreaker The Furor
15%
Dirty Deeds Done Dirt Cheap There's Gonna Be Some Rockin'
15%
Flick of the Switch This House Is on Fire
15%
Ballbreaker Whiskey on the Rocks
15%
High Voltage You Ain't Got a Hold on Me
15%
Fly on the Wall Back in Business
14%
Flick of the Switch Badlands
14%
AC/DC Live Bonny
14%
Blow Up Your Video Go Zone
14%
Stiff Upper Lip House of Jazz
14%
The Razors Edge If You Dare
14%
Blow Up Your Video Meanstreak
14%
Stiff Upper Lip Meltdown
14%
Black Ice Money Made
14%
Black Ice She Likes Rock 'n' Roll
14%
The Razors Edge Shot of Love
14%
Black Ice Stormy May Day
14%
Blow Up Your Video This Means War
14%
Blow Up Your Video Two's Up
14%
Rock or Bust Baptism by Fire
13%
Flick of the Switch Brain Shake
13%
Ballbreaker Caught with Your Pants Down
13%
The Razors Edge Goodbye & Good Riddance to Bad Luck
13%
Blow Up Your Video Kissin' Dynamite
13%
POWER UP No Man's Land
13%
For Those About to Rock We Salute You Put the Finger on You
13%
Dirty Deeds Done Dirt Cheap R.I.P. (Rock in Peace)
13%
Black Ice Rock 'n' Roll Dream
13%
Rock or Bust Sweet Candy
13%
Ballbreaker The Honey Roll
13%
Black Ice Wheels
13%
For Those About to Rock We Salute You Breaking the Rules
12%
Ballbreaker Burnin' Alive
12%
Stiff Upper Lip Can't Stand Still
12%
Rock or Bust Emission Control
12%
Blow Up Your Video Ruff Stuff
12%
Fly on the Wall Stand Up
12%
Stiff Upper Lip Can't Stop Rock 'n' Roll
11%
Black Ice Decibel
11%
Flick of the Switch Deep in the Hole
11%
Fly on the Wall First Blood
11%
The Razors Edge Let's Make It
11%
Ballbreaker Love Bomb
11%
Rock or Bust Miss Adventure
11%
The Razors Edge Rock Your Heart Out
11%
Black Ice Spoilin' for a Fight
11%
POWER UP Systems Down
11%
POWER UP Wild Reputation
11%
Stiff Upper Lip All Screwed Up
10%
Stiff Upper Lip Give It Up
10%
Rock or Bust Got Some Rock & Roll Thunder
10%
Rock or Bust Hard Times
10%
Blow Up Your Video Nick of Time
10%
Black Ice Rocking All the Way
10%
Rock or Bust Rock the House
10%
Fly on the Wall Send for the Man
10%
Black Ice Smash 'n' Grab
10%
High Voltage Stick Around
10%
Stiff Upper Lip Come and Get It
9%
Stiff Upper Lip Damned
9%
Bonfire Dirty Eyes
9%
Stiff Upper Lip Hold Me Back
9%
Blow Up Your Video Some Sin for Nuthin'
9%
Stiff Upper Lip Cyberspace
6%
No matching quizzes found
Score Distribution
Percent of People with Each Score
Percentile by Number Answered
Your Score History
You have not taken this quiz since the last reset